Höchste Länder der Welt - Statistiken

Allgemein
  • Dieses Quiz wurde 77 mal gespielt
  • Das Durchschnittsergebnis liegt bei 29 aus 40
Antwortstatistiken
Höhe Antwort % Korrekt
8848 China
98%
8848 Nepal
98%
6893 Chile
95%
5959 Kanada
92%
8611 Pakistan
92%
5642 Russland
92%
4634 Schweiz
92%
8586 Indien
90%
6768 Peru
90%
6190 Vereinigte Staaten
90%
6961 Argentinien
89%
7010 Kasachstan
87%
7492 Afghanistan
85%
6542 Bolivien
85%
4668 Usbekistan
84%
7570 Bhutan
82%
5775 Kolumbien
82%
5636 Mexiko
82%
6263 Ecuador
79%
4806 Frankreich
79%
4806 Italien
77%
7439 Kirgisistan
77%
4373 Mongolei
77%
7495 Tadschikistan
77%
5895 Tansania
73%
5604 Iran
71%
5199 Kenia
71%
5137 Türkei
69%
5201 Georgien
68%
4978 Venezuela
68%
4466 Aserbaidschan
61%
5109 Uganda
47%
4533 Äthiopien
44%
5109 Demokratische Republik Kongo
44%
4884 Indonesien
44%
5881 Myanmar
44%
4507 Ruanda
42%
4167 Marokko
29%
4220 Guatemala
27%
4509 Papua-Neuguinea
19%
Keine übereinstimmenden Quizze gefunden
Verteilung der Resultate
Anzahl Personen mit jedem Resultat
Perzentil nach korrekt beantworteten Fragen
Ihre Resultats-Entwicklung
Sie haben dieses Quiz noch nicht gespielt